[Event "Villa Ballester op 73rd"]
[Site "Buenos Aires"]
[Date "2024.01.27"]
[Round "8"]
[White "Cisneros, German"]
[Black "Torres Puentes, Camila"]
[Result "1-0"]
[WhiteElo "1915"]
[BlackElo "1418"]
[PlyCount "85"]
[EventDate "2024.01.19"]
[EventType "swiss"]
[EventRounds "9"]
[EventCountry "ARG"]
[SourceTitle "CB06_2024"]
[SourceDate "2024.02.07"]
[SourceVersion "1"]
[SourceVersionDate "2024.02.07"]
[SourceQuality "1"]

1. e4 c5 2. Nf3 e6 3. d3 Nc6 4. g3 d5 5. Nbd2 Nf6 6. Bg2 Be7 7. 0-0 0-0 8. e5 Nd7 9. Re1 Qc7 10. Qe2 f6 11. exf6 Nxf6 12. Bh3 e5 13. Bxc8 Raxc8 14. Nxe5 Nxe5 15. Qxe5 Bd6 16. Qe6+ Kh8 17. Qh3 Rce8 18. Rxe8 Rxe8 19. Nf3 Qf7 20. Qf5 Qe6 21. Qxe6 Rxe6 22. Bd2 Kg8 23. Kg2 h6 24. Re1 Kf7 25. Nh4 Rxe1 26. Bxe1 Ke6 27. h3 c4 28. d4 b5 29. a3 a6 30. f4 g5 31. f5+ Kf7 32. Ng6 Ne4 33. Kf3 Kf6 34. g4 c3 35. b4 Bc7 36. Ke3 Bg3 37. Bxg3 Nxg3 38. Ne5 Ne4 39. Nd7+ Ke7 40. Nc5 Nd6 41. Nxa6 Nc4+ 42. Kd3 Nxa3 43. Kxc3 1-0

[Event "Villa Ballester op 73rd"]
[Site "Buenos Aires"]
[Date "2024.01.21"]
[Round "4"]
[White "Parisi, Thiago"]
[Black "Torres Puentes, Camila"]
[Result "1-0"]
[WhiteElo "1761"]
[BlackElo "1418"]
[PlyCount "37"]
[EventDate "2024.01.19"]
[EventType "swiss"]
[EventRounds "9"]
[EventCountry "ARG"]
[SourceTitle "CB06_2024"]
[SourceDate "2024.02.07"]
[SourceVersion "1"]
[SourceVersionDate "2024.02.07"]
[SourceQuality "1"]

1. e4 c5 2. Nc3 e6 3. f4 a6 4. d4 cxd4 5. Qxd4 Nc6 6. Qf2 d5 7. Bd3 Nb4 8. Nf3 dxe4 9. Bxe4 Nf6 10. Be3 Nxe4 11. Nxe4 Qc7 12. Nd4 Nd5 13. 0-0 e5 14. fxe5 Nxe3 15. Qxe3 Qxe5 16. Rae1 Be7 17. Nc3 Qxe3+ 18. Rxe3 Kd7 19. Rxf7 1-0

[Event "Medellin de La Raza U2000 op"]
[Site "Medellin"]
[Date "2023.10.14"]
[Round "5"]
[White "Torres Puentes, Camila"]
[Black "Valle, Efrain"]
[Result "0-1"]
[WhiteElo "1451"]
[BlackElo "1974"]
[PlyCount "53"]
[EventDate "2023.10.12"]
[EventType "swiss"]
[EventRounds "9"]
[EventCountry "COL"]
[SourceTitle "Mega2024 Update 01"]
[Source "Chessbase"]
[SourceDate "2023.11.12"]
[SourceVersion "1"]
[SourceVersionDate "2023.11.12"]
[SourceQuality "1"]

1. e4 Nc6 2. d4 e5 3. Nf3 exd4 4. Nxd4 Bc5 5. Nb3 Bb4+ 6. c3 Be7 7. Be3 Nf6 8. N1d2 d5 9. f3 0-0 10. Bd3 dxe4 11. Nxe4 Nd5 12. Bf2 Nf4 13. Bf1 Ne5 14. Qxd8 Rxd8 15. Nc1 f5 16. Ng3 Be6 17. Bd4 Neg6 18. Nge2 Nd5 19. Nb3 b6 20. g3 c5 21. Bf2 Ne5 22. 0-0-0 a5 23. f4 Ng4 24. Bg1 a4 25. Nd2 a3 26. b3 Bf6 27. Bg2 0-1

[Event "Medellin Flores op 30th"]
[Site "Medellin"]
[Date "2023.08.04"]
[Round "3"]
[White "Martinez Serna, Juan Esteban"]
[Black "Torres Puentes, Camila"]
[Result "1-0"]
[WhiteElo "1780"]
[BlackElo "1439"]
[PlyCount "49"]
[EventDate "2023.08.03"]
[EventType "swiss"]
[EventRounds "9"]
[EventCountry "COL"]
[SourceTitle "EXT 2024"]
[Source "ChessBase"]
[SourceDate "2023.10.10"]
[SourceVersion "1"]
[SourceVersionDate "2023.10.10"]
[SourceQuality "1"]

1. d4 d5 2. c4 e6 3. Nc3 Nf6 4. Nf3 c5 5. cxd5 Nxd5 6. e4 cxd4 7. Bb5+ Bd7 8. exd5 dxc3 9. dxe6 fxe6 10. Bxd7+ Qxd7 11. Qb3 cxb2 12. Bxb2 Qd5 13. 0-0 Qxb3 14. axb3 Nc6 15. Rfe1 Kd7 16. Rad1+ Kc7 17. Ng5 Nd8 18. Be5+ Kc6 19. Rc1+ Kd5 20. Bg3 Nc6 21. Red1+ Nd4 22. Nf3 Bc5 23. Be5 Ke4 24. Bxd4 Bxd4 25. Rxd4+ 1-0

[Event "COL-ch (Women)"]
[Site "Cartagena"]
[Date "2023.06.12"]
[Round "9"]
[White "Zapata, Olga Maria"]
[Black "Torres Puentes, Camila"]
[Result "1-0"]
[WhiteElo "1537"]
[BlackElo "1252"]
[PlyCount "45"]
[EventDate "2023.06.08"]
[EventType "swiss"]
[EventRounds "9"]
[EventCountry "COL"]
[SourceTitle "CBM 215 Extra"]
[Source "ChessBase"]
[SourceDate "2023.09.30"]
[SourceVersion "1"]
[SourceVersionDate "2023.09.30"]
[SourceQuality "1"]

1. d4 d5 2. c4 e6 3. Nc3 Nf6 4. cxd5 Nxd5 5. e4 Nxc3 6. bxc3 Be7 7. Nf3 0-0 8. Bd3 c5 9. 0-0 cxd4 10. cxd4 Nc6 11. Be3 Qa5 12. Qb3 Qb4 13. Rab1 Qxb3 14. Rxb3 Nb4 15. Bb1 Bd6 16. Rc1 a5 17. Bd2 Rd8 18. Rbc3 Nc6 19. Be3 e5 20. d5 Ne7 21. Bb6 Re8 22. Bc7 Bxc7 23. Rxc7 1-0

[Event "COL-ch (Women)"]
[Site "Cartagena"]
[Date "2023.06.11"]
[Round "7"]
[White "Diaz Gonzalez, Ana Sofia"]
[Black "Torres Puentes, Camila"]
[Result "1/2-1/2"]
[WhiteElo "1444"]
[BlackElo "1252"]
[PlyCount "106"]
[EventDate "2023.06.08"]
[EventType "swiss"]
[EventRounds "9"]
[EventCountry "COL"]
[SourceTitle "CBM 215 Extra"]
[Source "ChessBase"]
[SourceDate "2023.09.30"]
[SourceVersion "1"]
[SourceVersionDate "2023.09.30"]
[SourceQuality "1"]

1. e4 e5 2. Nf3 Nc6 3. Bc4 Bc5 4. c3 Nf6 5. d4 exd4 6. e5 d5 7. Bb5 Ne4 8. cxd4 Bb4+ 9. Bd2 Bxd2+ 10. Nbxd2 Bd7 11. Bxc6 Bxc6 12. 0-0 0-0 13. Qb3 Qe7 14. Rfe1 b6 15. Nxe4 dxe4 16. Nd2 Rad8 17. Qc3 Bb7 18. Nxe4 Qd7 19. Rad1 Bxe4 20. Rxe4 Qd5 21. Ree1 c5 22. b3 cxd4 23. Qd3 Qa5 24. a4 Qc3 25. Re4 h6 26. Rxd4 Rxd4 27. Qxd4 Qxb3 28. h3 b5 29. axb5 Qxb5 30. e6 fxe6 31. Qxa7 Qf5 32. Re1 Qf7 33. Qb6 Re8 34. Re3 Kh7 35. Rf3 Qd7 36. Qb1+ Kh8 37. Qg6 Qd1+ 38. Kh2 Qd6+ 39. g3 Rf8 40. Qe4 Rxf3 41. Qxf3 Qd5 42. Qxd5 exd5 43. Kg2 Kg8 44. Kf3 Kf7 45. Ke3 Kf6 46. Kd4 Ke6 47. f4 g6 48. g4 h5 49. f5+ gxf5 50. gxh5 Kf6 51. Kxd5 Kg5 52. Ke5 Kxh5 53. Kxf5 Kh4 1/2-1/2

[Event "COL-ch (Women)"]
[Site "Cartagena"]
[Date "2023.06.09"]
[Round "4"]
[White "Torres Puentes, Camila"]
[Black "Luna Monsalve, Sofia"]
[Result "1-0"]
[WhiteElo "1252"]
[BlackElo "1441"]
[PlyCount "65"]
[EventDate "2023.06.08"]
[EventType "swiss"]
[EventRounds "9"]
[EventCountry "COL"]
[SourceTitle "CBM 215 Extra"]
[Source "ChessBase"]
[SourceDate "2023.09.30"]
[SourceVersion "1"]
[SourceVersionDate "2023.09.30"]
[SourceQuality "1"]

1. e4 e5 2. Nf3 Nc6 3. d4 exd4 4. Nxd4 Nf6 5. Nxc6 bxc6 6. Bd3 d5 7. e5 Qe7 8. 0-0 Ng4 9. h3 Nxe5 10. Re1 Bxh3 11. f4 Bg4 12. Qd2 f6 13. fxe5 fxe5 14. Qg5 Qxg5 15. Bxg5 Bc5+ 16. Be3 Bd6 17. Nd2 Rb8 18. Bxa7 Rxb2 19. Bd4 Rb8 20. Bxe5 Bxe5 21. Rxe5+ Kd7 22. Rg5 h5 23. Rxg7+ Kd6 24. Kh2 c5 25. a4 Bd7 26. Rh7 Rxh7 27. Bxh7 Ra8 28. a5 Kc6 29. c4 dxc4 30. Be4+ Kb5 31. Bxa8 c3 32. a6 cxd2 33. Bf3 1-0

[Event "COL-ch (Women)"]
[Site "Cartagena"]
[Date "2023.06.08"]
[Round "2"]
[White "Cespedes Galindo, Estefania"]
[Black "Torres Puentes, Camila"]
[Result "1-0"]
[WhiteElo "1766"]
[BlackElo "1252"]
[PlyCount "90"]
[EventDate "2023.06.08"]
[EventType "swiss"]
[EventRounds "9"]
[EventCountry "COL"]
[SourceTitle "CBM 215 Extra"]
[Source "ChessBase"]
[SourceDate "2023.09.30"]
[SourceVersion "1"]
[SourceVersionDate "2023.09.30"]
[SourceQuality "1"]

1. e4 e5 2. Nf3 Nc6 3. Bc4 Nf6 4. 0-0 Bc5 5. d3 0-0 6. c3 d5 7. exd5 Nxd5 8. b4 Bb6 9. b5 Na5 10. Nxe5 Nxc4 11. Nxc4 Bf5 12. Qf3 Bc8 13. Bb2 Nf6 14. h3 Qd5 15. Qxd5 Nxd5 16. Nbd2 Bf5 17. d4 Rfe8 18. Rfe1 Nf4 19. Re3 Rxe3 20. Nxe3 Bd3 21. a4 a5 22. Ndc4 Re8 23. Rd1 Bxc4 24. Nxc4 Nd5 25. Kf1 f6 26. Re1 Rxe1+ 27. Kxe1 Nf4 28. Kf1 Kf7 29. h4 Ke6 30. g3 Nd3 31. Ba3 Kd5 32. Ne3+ Ke4 33. Ke2 Nf4+ 34. gxf4 Kxf4 35. Nd5+ Kg4 36. Nxb6 cxb6 37. d5 Kf5 38. Ke3 g5 39. hxg5 fxg5 40. d6 Ke6 41. Kf3 h6 42. Kg4 Kd7 43. Kh5 Kd8 44. Kxh6 Kd7 45. Kxg5 Ke8 1-0

[Event "Cartagena Region-ch"]
[Site "Cartagena"]
[Date "2020.02.23"]
[Round "3"]
[White "Brito Carrascal, Isabela"]
[Black "Torres Puentes, Camila"]
[Result "1-0"]
[WhiteElo "1564"]
[BlackElo "1007"]
[PlyCount "69"]
[EventDate "2020.02.22"]
[EventType "swiss"]
[EventRounds "5"]
[EventCountry "COL"]
[SourceTitle "CBM 195 Extra"]
[Source "ChessBase"]
[SourceDate "2020.05.31"]
[SourceVersion "1"]
[SourceVersionDate "2020.05.31"]
[SourceQuality "1"]

1. e4 d6 2. d4 Nf6 3. Nc3 g6 4. Nf3 Bg7 5. Bc4 0-0 6. 0-0 c5 7. dxc5 dxc5 8. Be3 Qc7 9. h3 a6 10. a4 b6 11. e5 Ne8 12. Nd5 Qb7 13. Qd2 Be6 14. Bg5 f6 15. exf6 exf6 16. Bf4 b5 17. axb5 axb5 18. Rxa8 Qxa8 19. Ne7+ Kh8 20. Bxe6 Nc7 21. Bxc7 Re8 22. Bd5 Qa7 23. Bxb8 Qxb8 24. Nc6 Qc7 25. Re1 Ra8 26. g3 f5 27. Qf4 Qxf4 28. gxf4 Bxb2 29. Nce5 c4 30. Bxa8 Kg7 31. Rb1 Bc3 32. Rxb5 Kf6 33. Bd5 Kg7 34. Rb7+ Kf6 35. Rf7# 1-0

[Event "COL-chD"]
[Site "Bogota"]
[Date "2019.08.29"]
[Round "3"]
[White "Torres Puentes, Camila"]
[Black "Cotes Ontibon, Anibal Santiago"]
[Result "1-0"]
[WhiteElo "1436"]
[BlackElo "1327"]
[PlyCount "124"]
[EventDate "2019.08.28"]
[EventType "swiss"]
[EventRounds "7"]
[EventCountry "COL"]
[SourceTitle "EXT 2020"]
[Source "ChessBase"]
[SourceDate "2019.10.17"]
[SourceVersion "1"]
[SourceVersionDate "2019.10.17"]
[SourceQuality "1"]

1. e4 e5 2. Nf3 Nc6 3. d4 exd4 4. Nxd4 Nf6 5. Nxc6 bxc6 6. Nc3 Bb4 7. Bd2 0-0 8. Bd3 Re8 9. 0-0 Bxc3 10. Bxc3 Nxe4 11. Bd4 d5 12. f3 Nd6 13. Qd2 Nf5 14. Bc5 Qf6 15. b3 Bd7 16. Rae1 Qh6 17. Qxh6 Nxh6 18. Rxe8+ Rxe8 19. Bxa7 Ra8 20. Bc5 Rxa2 21. Re1 Be6 22. f4 Ra8 23. Re5 Ra1+ 24. Bf1 Ng4 25. Re2 h5 26. h3 Nh6 27. Bd4 Nf5 28. Bxa1 Ng3 29. Re3 h4 30. Rc3 Bd7 31. b4 Ne4 32. Rb3 f6 33. b5 cxb5 34. Bxb5 c6 35. Ba4 Nc5 36. Ra3 Kf7 37. Bd4 Ne4 38. f5 Ng3 39. Bf2 Nxf5 40. Rc3 Ne7 41. Bxh4 Ng6 42. Bg3 Ne7 43. Bd6 Nf5 44. Ba3 Nd4 45. Re3 Nf5 46. Rb3 Ke6 47. Rb6 Nd4 48. c3 Ne2+ 49. Kh2 Nxc3 50. Bxc6 d4 51. Bxd7+ Kxd7 52. Rd6+ Kc7 53. Rxd4 Nb5 54. Rc4+ Kd7 55. Bf8 g6 56. g4 Ke8 57. Bh6 g5 58. Rc6 Kf7 59. h4 Nd4 60. Rc7+ Kg8 61. hxg5 fxg5 62. Kg2 Nf5 1-0

[Event "COL-ch U10 Girls"]
[Site "Fusagasuga"]
[Date "2019.06.27"]
[Round "3"]
[White "Gonzalez Velasquez, Juana Valentina"]
[Black "Torres Puentes, Camila"]
[Result "0-1"]
[WhiteElo "1397"]
[BlackElo "1384"]
[PlyCount "126"]
[EventDate "2019.06.26"]
[EventType "tourn"]
[EventRounds "9"]
[EventCountry "COL"]
[SourceTitle "CBM 191 Extra"]
[Source "ChessBase"]
[SourceDate "2019.09.30"]
[SourceVersion "1"]
[SourceVersionDate "2019.09.30"]
[SourceQuality "1"]

1. e4 e5 2. Nf3 Nc6 3. Bc4 Nf6 4. c3 d5 5. exd5 Nxd5 6. d4 e4 7. Qe2 Be7 8. Qxe4 Be6 9. 0-0 Nf6 10. Qe2 0-0 11. Bxe6 fxe6 12. Qxe6+ Kh8 13. Ng5 Ne8 14. Nf7+ Rxf7 15. Qxf7 Nf6 16. Re1 Qd6 17. Bg5 Rf8 18. Qb3 b6 19. Nd2 h6 20. Ne4 Nxe4 21. Rxe4 Bxg5 22. Rae1 Qf6 23. Rf1 Ne7 24. d5 Qf5 25. Qb4 c5 26. Qa4 Qxd5 27. f3 Qd2 28. Qd1 Qxb2 29. f4 Bf6 30. Rfe1 Bxc3 31. R1e2 Bd4+ 32. Kh1 Qb5 33. Rxe7 Rxf4 34. Re8+ Kh7 35. Qc2+ g6 36. R2e7+ Bg7 37. h3 h5 38. Qc3 Qf1+ 39. Kh2 Rf7 40. Qe3 Bd4 41. Qe1 Qf4+ 42. Qg3 Bg1+ 43. Kxg1 Qxg3 44. Rxf7+ Kh6 45. Rh8+ Kg5 46. Re7 Qa3 47. Re5+ Kf6 48. Re1 c4 49. Rf1+ Kg5 50. g3 c3 51. Kh2 Qxa2+ 52. Kg1 Qd2 53. Rc8 Qe3+ 54. Kg2 Qe2+ 55. Rf2 Qe4+ 56. Kh2 Qe5 57. Rd8 h4 58. Rg2 hxg3+ 59. Rxg3+ Kh4 60. Rdd3 c2 61. Kg2 c1Q 62. Rg4+ Kh5 63. Rdg3 Qe2# 0-1